|
|
|
|
| LEADER |
00000nam0a2200000 4500 |
| 001 |
318300 |
| 005 |
20231102003048.0 |
| 035 |
|
|
|a (RuTPU)RU\TPU\book\343798
|
| 090 |
|
|
|a 318300
|
| 100 |
|
|
|a 20160425d1968 k y0rusy50 ca
|
| 101 |
0 |
|
|a rus
|
| 102 |
|
|
|a RU
|
| 105 |
|
|
|a y z 001zy
|
| 200 |
1 |
|
|a Сборник типовых программ для ЭЦВМ БЭСМ-4 и БЭСМ-2
|h Вып. 2
|i Программы исследования переходных процессов в электроэнергетических системах
|f АН СССР СО, СИЭ ; под ред. Ю. Н. Руденко ; под ред. В. Ф. Скрипник
|
| 210 |
|
|
|a Иркутск
|c Изд-во СибЭИ
|d 1968
|
| 215 |
|
|
|a 250 с.
|
| 320 |
|
|
|a Библиогр.: с. 249-250
|
| 606 |
1 |
|
|a Электроэнергетические системы
|x Переходные процессы
|2 stltpush
|3 (RuTPU)RU\TPU\subj\21052
|9 46100
|
| 606 |
1 |
|
|a Программы
|x Установка
|x Настройка
|x Удаление
|2 stltpush
|3 (RuTPU)RU\TPU\subj\71343
|9 85299
|
| 610 |
1 |
|
|a синхронная динамическая устойчивость
|
| 610 |
1 |
|
|a расчеты
|
| 610 |
1 |
|
|a электрическое торможение
|
| 610 |
1 |
|
|a параметры
|
| 610 |
1 |
|
|a линеаризация
|
| 610 |
1 |
|
|a дифференциальные уравнения
|
| 675 |
|
|
|a 621.311.018
|v 4
|
| 675 |
|
|
|a 681.3.066
|v 4
|
| 702 |
|
1 |
|a Руденко
|b Ю. Н.
|4 340
|
| 702 |
|
1 |
|a Скрипник
|b В. Ф.
|4 340
|
| 712 |
0 |
2 |
|a Академия наук СССР (АН СССР)
|b Сибирское отделение (СО)
|b Сибирский энергетический институт им. Л. А. Мелентьева (СИЭ)
|c (Иркутск)
|c (1960-1991)
|2 stltpush
|3 (RuTPU)RU\TPU\col\11908
|
| 801 |
|
1 |
|a RU
|b 63413507
|c 20160425
|
| 801 |
|
2 |
|a RU
|b 63413507
|c 20171101
|g RCR
|
| 942 |
|
|
|c BK
|